|
|
|
|
| LEADER |
00000nam0a2200000 4500 |
| 001 |
288722 |
| 005 |
20231102000122.0 |
| 020 |
|
|
|a RU
|b 85-89412
|
| 035 |
|
|
|a (RuTPU)RU\TPU\book\313206
|
| 090 |
|
|
|a 288722
|
| 100 |
|
|
|a 20150326d1985 k y0rusy5003 ca
|
| 101 |
1 |
|
|a rus
|c ger
|
| 102 |
|
|
|a RU
|
| 105 |
|
|
|a c z 000zy
|
| 200 |
1 |
|
|a Избранные статьи и речи (1964-1984 годы)
|e пер. с нем.
|f Ф. Мури
|
| 210 |
|
|
|a Москва
|c Политиздат
|d 1985
|
| 215 |
|
|
|a 367 с.
|c 1 л. портр.
|
| 606 |
1 |
|
|a Коммунистические партии отдельных зарубежных стран
|x Европы
|2 stltpush
|3 (RuTPU)RU\TPU\subj\14923
|9 41243
|
| 610 |
1 |
|
|a коммунистическая партия
|
| 610 |
1 |
|
|a Австрия
|
| 610 |
1 |
|
|a история
|
| 610 |
1 |
|
|a 20 век
|
| 610 |
1 |
|
|a государственные деятели
|
| 610 |
1 |
|
|a международное коммунистическое движение
|
| 610 |
1 |
|
|a политические деятели
|
| 610 |
1 |
|
|a статьи
|
| 610 |
1 |
|
|a речи
|
| 686 |
|
|
|a Ф61(4)
|v LBC/SL-A
|2 rubbk
|
| 801 |
|
0 |
|a RU
|b RuMRKP
|c 19950704
|g psbo
|
| 801 |
|
1 |
|a RU
|b 63413507
|c 20150326
|
| 801 |
|
2 |
|a RU
|b 63413507
|c 20170706
|g RCR
|
| 942 |
|
|
|c BK
|